Μαθηματικό τυπολόγιο : για μαθητές Α', Β' Λυκείου 1ης, 2ης, 4ης δέσμης

Αποθηκεύτηκε σε:
Λεπτομέρειες βιβλιογραφικής εγγραφής
Κύριος συγγραφέας: Σαλιάρης, Παντελής Ι.
Μορφή: Βιβλίο
Γλώσσα:Greek
Δημοσίευση: Χίος : Σαλιάρης, 1985
Θέματα:
Ετικέτες: Προσθήκη ετικέτας
Δεν υπάρχουν, Καταχωρήστε ετικέτα πρώτοι!

MARC

LEADER 00000nam a2200000 i 4500
001 1/43443
008 960219s1985 gre d
035 |l 10025780 
040 |a GR-MY-UA  |b gre  |e aacr 
041 0 |a gre 
082 0 |a 511.8 
100 1 |a Σαλιάρης, Παντελής Ι. 
245 1 0 |a Μαθηματικό τυπολόγιο :  |b για μαθητές Α', Β' Λυκείου 1ης, 2ης, 4ης δέσμης /  |c Παντελής Ι.Σαλιάρης 
260 |a Χίος :   |b Σαλιάρης,   |c 1985 
300 |a 96 p. 
650 0 0 |a Mathematical models. 
650 0 0 |a Education, Secondary  |z Greece. 
852 |a INST  |b CHIOS  |e 19960219  |h 511.8 ΣΑΛ  |p 005200000949  |q 005200000949  |t BK  |y 0 
909 |a Χ  |b 018495